<?xml version="1.0" encoding="UTF-8"?>
<record
    xmlns:xsi="http://www.w3.org/2001/XMLSchema-instance"
    xsi:schemaLocation="http://www.loc.gov/MARC21/slim http://www.loc.gov/standards/marcxml/schema/MARC21slim.xsd"
    xmlns="http://www.loc.gov/MARC21/slim">

  <leader>00470nam a22001577a 4500</leader>
  <controlfield tag="003">OSt</controlfield>
  <controlfield tag="005">20150910112333.0</controlfield>
  <controlfield tag="008">150910b        xxu||||| |||| 00| 0 eng d</controlfield>
  <datafield tag="040" ind1=" " ind2=" ">
    <subfield code="c">RUA</subfield>
  </datafield>
  <datafield tag="082" ind1=" " ind2=" ">
    <subfield code="a">AGR &#x1785;&#x17B6;&#x1793;&#x17CB; 1995 B0013 Or.1</subfield>
  </datafield>
  <datafield tag="100" ind1=" " ind2=" ">
    <subfield code="9">224</subfield>
    <subfield code="a">&#x1785;&#x17B6;&#x1793;&#x17CB; &#x179F;&#x17BB;&#x1781;&#x17B6;</subfield>
  </datafield>
  <datafield tag="245" ind1=" " ind2=" ">
    <subfield code="a">&#x1794;&#x17D2;&#x179A;&#x179F;&#x17B7;&#x1791;&#x17D2;&#x1792;&#x17B7;&#x1797;&#x17B6;&#x1796;&#x1793;&#x17C3;&#x1780;&#x17B6;&#x179A;&#x1787;&#x17D2;&#x179A;&#x179B;&#x1780;&#x17CB;&#x17AC;&#x179F;&#x179F;&#x17C6;&#x178E;&#x17B6;&#x1794;</subfield>
  </datafield>
  <datafield tag="260" ind1=" " ind2=" ">
    <subfield code="a">Phnom Penh </subfield>
    <subfield code="b">RUA</subfield>
    <subfield code="c">1995</subfield>
  </datafield>
  <datafield tag="300" ind1=" " ind2=" ">
    <subfield code="a">59p.</subfield>
    <subfield code="b">ill.</subfield>
    <subfield code="c">29cm.</subfield>
  </datafield>
  <datafield tag="942" ind1=" " ind2=" ">
    <subfield code="2">ddc</subfield>
    <subfield code="c">AGR</subfield>
  </datafield>
  <datafield tag="999" ind1=" " ind2=" ">
    <subfield code="c">210</subfield>
    <subfield code="d">210</subfield>
  </datafield>
  <datafield tag="952" ind1=" " ind2=" ">
    <subfield code="0">0</subfield>
    <subfield code="1">0</subfield>
    <subfield code="2">ddc</subfield>
    <subfield code="4">0</subfield>
    <subfield code="6">AGR_&#x1785;&#x17B6;&#x1793;_1995_000000000000000_B013_OR_1</subfield>
    <subfield code="7">0</subfield>
    <subfield code="9">882</subfield>
    <subfield code="a">LBB</subfield>
    <subfield code="b">LBB</subfield>
    <subfield code="c">B013</subfield>
    <subfield code="d">2015-09-10</subfield>
    <subfield code="l">1</subfield>
    <subfield code="o">AGR &#x1785;&#x17B6;&#x1793;&#x17CB; 1995 B013 Or.1</subfield>
    <subfield code="p">RUA003186</subfield>
    <subfield code="r">2016-08-09</subfield>
    <subfield code="s">2016-08-05</subfield>
    <subfield code="w">2015-09-10</subfield>
    <subfield code="y">AGR</subfield>
  </datafield>
  <datafield tag="952" ind1=" " ind2=" ">
    <subfield code="0">0</subfield>
    <subfield code="1">0</subfield>
    <subfield code="2">ddc</subfield>
    <subfield code="4">0</subfield>
    <subfield code="6">AGR_&#x1785;&#x17B6;&#x1793;_1995_000000000000000_B0013_OR_2</subfield>
    <subfield code="7">0</subfield>
    <subfield code="9">883</subfield>
    <subfield code="a">LBB</subfield>
    <subfield code="b">LBB</subfield>
    <subfield code="c">B013</subfield>
    <subfield code="d">2015-09-10</subfield>
    <subfield code="o">AGR &#x1785;&#x17B6;&#x1793;&#x17CB; 1995 B0013 Or.2</subfield>
    <subfield code="p">RUA003114</subfield>
    <subfield code="r">2015-09-10</subfield>
    <subfield code="w">2015-09-10</subfield>
    <subfield code="y">AGR</subfield>
  </datafield>
  <datafield tag="952" ind1=" " ind2=" ">
    <subfield code="0">0</subfield>
    <subfield code="1">0</subfield>
    <subfield code="2">ddc</subfield>
    <subfield code="4">0</subfield>
    <subfield code="6">AGR_&#x1785;&#x17B6;&#x1793;_1995_000000000000000_B013_OR_3</subfield>
    <subfield code="7">0</subfield>
    <subfield code="9">884</subfield>
    <subfield code="a">LBB</subfield>
    <subfield code="b">LBB</subfield>
    <subfield code="c">B013</subfield>
    <subfield code="d">2015-09-10</subfield>
    <subfield code="o">AGR &#x1785;&#x17B6;&#x1793;&#x17CB; 1995 B013 Or.3</subfield>
    <subfield code="p">RUA003895</subfield>
    <subfield code="r">2015-09-10</subfield>
    <subfield code="w">2015-09-10</subfield>
    <subfield code="y">AGR</subfield>
  </datafield>
  <datafield tag="952" ind1=" " ind2=" ">
    <subfield code="0">0</subfield>
    <subfield code="1">0</subfield>
    <subfield code="2">ddc</subfield>
    <subfield code="4">0</subfield>
    <subfield code="6">AGR_&#x1785;&#x17B6;&#x1793;_1995_000000000000000_B013_OR_4</subfield>
    <subfield code="7">0</subfield>
    <subfield code="9">885</subfield>
    <subfield code="a">LBB</subfield>
    <subfield code="b">LBB</subfield>
    <subfield code="c">B013</subfield>
    <subfield code="d">2015-09-10</subfield>
    <subfield code="l">1</subfield>
    <subfield code="m">1</subfield>
    <subfield code="o">AGR &#x1785;&#x17B6;&#x1793;&#x17CB; 1995 B013 Or.4</subfield>
    <subfield code="p">RUA005213</subfield>
    <subfield code="r">2019-01-23</subfield>
    <subfield code="s">2018-12-06</subfield>
    <subfield code="w">2015-09-10</subfield>
    <subfield code="y">AGR</subfield>
  </datafield>
  <datafield tag="952" ind1=" " ind2=" ">
    <subfield code="0">0</subfield>
    <subfield code="1">0</subfield>
    <subfield code="2">ddc</subfield>
    <subfield code="4">0</subfield>
    <subfield code="6">AGR_&#x1785;&#x17B6;&#x1793;_1995_000000000000000_B013_OR_5</subfield>
    <subfield code="7">0</subfield>
    <subfield code="9">886</subfield>
    <subfield code="a">LBB</subfield>
    <subfield code="b">LBB</subfield>
    <subfield code="c">B013</subfield>
    <subfield code="d">2015-09-10</subfield>
    <subfield code="o">AGR &#x1785;&#x17B6;&#x1793;&#x17CB; 1995 B013 Or.5</subfield>
    <subfield code="p">RUA005141</subfield>
    <subfield code="r">2015-09-10</subfield>
    <subfield code="w">2015-09-10</subfield>
    <subfield code="y">AGR</subfield>
  </datafield>
  <datafield tag="952" ind1=" " ind2=" ">
    <subfield code="0">0</subfield>
    <subfield code="1">0</subfield>
    <subfield code="2">ddc</subfield>
    <subfield code="4">0</subfield>
    <subfield code="6">AGR_&#x1785;&#x17B6;&#x1793;_1995_000000000000000_B013_OR_6</subfield>
    <subfield code="7">0</subfield>
    <subfield code="9">887</subfield>
    <subfield code="a">LBB</subfield>
    <subfield code="b">LBB</subfield>
    <subfield code="c">B013</subfield>
    <subfield code="d">2015-09-10</subfield>
    <subfield code="o">AGR &#x1785;&#x17B6;&#x1793;&#x17CB; 1995 B013 Or.6</subfield>
    <subfield code="p">RUA005069</subfield>
    <subfield code="r">2015-09-10</subfield>
    <subfield code="w">2015-09-10</subfield>
    <subfield code="y">AGR</subfield>
  </datafield>
  <datafield tag="952" ind1=" " ind2=" ">
    <subfield code="0">0</subfield>
    <subfield code="1">0</subfield>
    <subfield code="2">ddc</subfield>
    <subfield code="4">0</subfield>
    <subfield code="6">AGR_&#x1785;&#x17B6;&#x1793;_1995_000000000000000_B013_OR_7</subfield>
    <subfield code="7">0</subfield>
    <subfield code="9">888</subfield>
    <subfield code="a">LBB</subfield>
    <subfield code="b">LBB</subfield>
    <subfield code="c">B013</subfield>
    <subfield code="d">2015-09-10</subfield>
    <subfield code="o">AGR &#x1785;&#x17B6;&#x1793;&#x17CB; 1995 B013 Or.7</subfield>
    <subfield code="p">RUA005283</subfield>
    <subfield code="r">2015-09-10</subfield>
    <subfield code="w">2015-09-10</subfield>
    <subfield code="y">AGR</subfield>
  </datafield>
  <datafield tag="952" ind1=" " ind2=" ">
    <subfield code="0">0</subfield>
    <subfield code="1">0</subfield>
    <subfield code="2">ddc</subfield>
    <subfield code="4">0</subfield>
    <subfield code="6">AGR_&#x1785;&#x17B6;&#x1793;_1995_000000000000000_B013_OR_8</subfield>
    <subfield code="7">0</subfield>
    <subfield code="9">889</subfield>
    <subfield code="a">LBB</subfield>
    <subfield code="b">LBB</subfield>
    <subfield code="c">B013</subfield>
    <subfield code="d">2015-09-10</subfield>
    <subfield code="o">AGR &#x1785;&#x17B6;&#x1793;&#x17CB; 1995 B013 Or.8</subfield>
    <subfield code="p">RUA004456</subfield>
    <subfield code="r">2015-09-10</subfield>
    <subfield code="w">2015-09-10</subfield>
    <subfield code="y">AGR</subfield>
  </datafield>
</record>
